Solutions in advanced accounting. Rev Ed 4. (Record no. 180308)
[ view plain ]
| 000 -LEADER | |
|---|---|
| fixed length control field | 00462nam a2200181Ia 4500 |
| 008 - FIXED-LENGTH DATA ELEMENTS--GENERAL INFORMATION | |
| fixed length control field | 210707s1984 xx 000 0 und d |
| 041 ## - LANGUAGE CODE | |
| Language code of text/sound track or separate title | eng |
| 082 ## - DEWEY DECIMAL CLASSIFICATION NUMBER | |
| Classification number | 657.046 GUPS |
| 100 ## - MAIN ENTRY--PERSONAL NAME | |
| Personal name | GUPTA (R L) |
| 245 ## - TITLE STATEMENT | |
| Title | Solutions in advanced accounting. Rev Ed 4. |
| 250 ## - EDITION STATEMENT | |
| Edition statement | 4 |
| 260 ## - PUBLICATION, DISTRIBUTION, ETC. | |
| Place of publication, distribution, etc. | New Delhi. |
| Name of publisher, distributor, etc. | Sultan Chand & Sons |
| Date of publication, distribution, etc. | 1984 |
| 300 ## - PHYSICAL DESCRIPTION | |
| Extent | x,S854 p |
| 365 ## - TRADE PRICE | |
| Price amount | 40 |
| Currency code | INR |
| 563 ## - BINDING INFORMATION | |
| Binding note | PB |
| 650 ## - SUBJECT ADDED ENTRY--TOPICAL TERM | |
| Topical term or geographic name entry element | Accountancy |
| 906 ## - LOCAL DATA ELEMENT F, LDF (RLIN) | |
| a | Problems, Advanced Accountancy |
| Withdrawn status | Lost status | Source of classification or shelving scheme | Damaged status | Not for loan | Collection code | Home library | Current library | Date acquired | Cost, normal purchase price | Total Checkouts | Full call number | Barcode | Date last seen | Price effective from | Koha item type |
|---|---|---|---|---|---|---|---|---|---|---|---|---|---|---|---|
| Missing (Not Traceable) | Dewey Decimal Classification | Reference Book | Commerce | St Aloysius Library | St Aloysius Library | 01/28/2002 | 40.00 | 657.046 GUPS | BB04318 | 07/08/2021 | 07/08/2021 | Book Bank |